000 01120nam a2200241 i 4500
001 159943
003 ES-MaACL
005 20230906211903.0
008 931025s1874 sp e |||| | spa d
110 2 _aMonasterio de Sahagún.
_9134689
245 1 0 _aÍndice de los documentos del Monasterio de Sahagún, de la orden de San Benito, y glosario y diccionario geográfico de voces sacadas de los mismos /
_cpublicados por el Archivo Histórico Nacional.
260 _aMadrid :
_b[Archivo Histórico Nacional],
_c1874 (
_fImp., Estereotipia y Galvanoplastia de Aribau y C.ª)
300 _aXI, 690 p., [1] h. pleg. de mapa ;
_c27 cm.
530 _aDisponible en formato digital.
597 _aSignaturizado.
610 2 4 _aMonasterio de Sahagún-
_vHistoria.
_9173729
610 2 4 _aArchivo Histórico Nacional (España)-
_vCatálogos.
_91451
710 2 _aArchivo Histórico Nacional (España)
_91450
710 2 _aAribau y Cía.
_9134118
752 _aEspaña -
_dMadrid
852 4 _aES-MaACL
_jF-2629
_z- Enc. hol.
856 4 _uhttp://bdh-rd.bne.es/viewer.vm?id=0000248187&page=1
_zBiblioteca Digital Hispánica
999 _c159943
_d159943